| 000 | 01151nam a2200289 i 4500 | ||
|---|---|---|---|
| 001 | 106522 | ||
| 003 | ES-MaACL | ||
| 005 | 20250811101601.0 | ||
| 007 | t| | ||
| 008 | 061129s1974 sp a |||| | spa d | ||
| 080 | _a75 Granell, Eugenio (083.82) | ||
| 100 | 1 |
_aGranell, Eugenio F. _959617 |
|
| 245 | 1 | 0 |
_aEugenio Granell: _bun surrealista español en Nueva York : [exposición] Ateneo de Madrid, Sala de Santa Catalina, diciembre de 1974 / _c[texto, Santiago Arbós Ballesté]. |
| 260 |
_aMadrid : _bAteneo de Madrid, _c1974. |
||
| 300 |
_a[16] p. : _bprincipalmente il. bl. y n. ; _c25 cm. |
||
| 490 | 1 |
_aAteneo de Madrid. Sala de Santa Catalina ; _v4 |
|
| 600 | 1 | 4 |
_aGranell, Eugenio F.- _vExposiciones. _959619 |
| 610 | 2 | 7 |
_aAteneo de Madrid- _vExposiciones- _y1970-1979. _91921 |
| 655 | 7 |
_2tgfbne _9193628 _aCatálogos de exposiciones |
|
| 700 | 1 |
_aArbós Ballesté, Santiago. _922421 |
|
| 710 | 2 |
_aAteneo de Madrid. _bSala de Santa Catalina. _91964 |
|
| 830 | 1 | 0 |
_aAteneo de Madrid. _pSala de Santa Catalina _v4 _9185232 |
| 852 | 4 |
_aES-MaACL _j2209-F-26; |
|
| 852 | 4 |
_aES-MaACL _j2342-F-13. |
|
| 942 | _2udc | ||
| 999 |
_c106522 _d106522 |
||